000
00311nam a2200121 a 4500
005
20140414132051.0
008
110712s19uu xx 00 eng d
050
_a
REF 031
_b
CHI V.8
245
_a
Childcraft: About Us.
260
_a
Chicago :
_b
World Book, Inc.,
_c
1987.
440
_a
Childcraft
999
_c
114172
_d
114172